LIBRARY & INFORMATION CENTRE, KCAET, TAVANUR

ONLINE PUBLIC ACCESS CATALOGUE (OPAC)

Thoughts on basic education / (Record no. 8778)

MARC details
000 -LEADER
fixed length control field 00370cam a2200145ua 4500
041 ## - LANGUAGE CODE
Language code of text/sound track or separate title eng
082 ## - DEWEY DECIMAL CLASSIFICATION NUMBER
Classification number 370.11
Item number SAL/TH
100 ## - MAIN ENTRY--AUTHOR NAME
Personal name Salamathullah, .
245 ## - TITLE STATEMENT
Title Thoughts on basic education /
260 ## - PUBLICATION, DISTRIBUTION, ETC. (IMPRINT)
Place of publication Mumbai :
Name of publisher Asia Publishing House ,
Year of publication 1963.
300 ## - PHYSICAL DESCRIPTION
Number of Pages 112 ; .
942 ## - ADDED ENTRY ELEMENTS (KOHA)
Koha item type Books
Holdings
Withdrawn status Lost status Damaged status Home library Current library Date acquired Full call number Accession Number Koha item type
Withdrawn     KAUAET Sanskrit University 07/04/2012 370.11 3304 Books
free website counter